01097agaaa2200241 45000010005000000030009000050050017000140070009000310080040000400400023000800410013001031000041001161300072001572450201002292500022004302600085004523000022005375200148005595380016007075460013007236500065007367000054008017959IT-RoPAU20220918181302.0d cvaizq50131s9999||||xx ||| | || ||und|| aIT-RoPAUcIT-RoPAU aITALIANO aAA.VV. gCodice regista SPICS: 12000 aVIDEOCLIP (EUROPE, JACKSON JOE, BANANARAMA, ENIGMA, QUEEN, MADONNA) aVIDEOCLIP (EUROPE, JACKSON JOE, BANANARAMA, ENIGMA, QUEEN, MADONNA)cDiretto da: AA.VV. pVIDEOCLIP (EUROPE, JACKSON JOE, BANANARAMA, ENIGMA, QUEEN, MADONNA) (Rif. Codice opera principale : 97959) aEdizione Standard aROMA (ITALIA)bSPICS RECORDS / g"1991 (1° ed.: 1991 ; Ed. Lingua Orig.: 1991)" aVHSbsonoro, col. aEUROPE: LET THE GOOD TIME ROCK / JACKSON JOE: REAL MEN / BANANARAMA: NATHAN JONES / ENIGMA: SADENESS / QUEEN: INNUENDO / MADONNA: LIKE A PRAYER aPAL, STEREO aITALIANO aVIDEOMUSICeTV - VIDEOCLIP [VHS]xCodice MATERIA SPICS: 9969 aAA.VV. e(regista/i)gCodice regista SPICS: 12000